000 00325nam a2200133Ia 4500
008 220216s9999 xx 000 0 und d
100 _aJones Mark
245 0 _aLow-temperature HNBR technology
260 _bRubber World
_c2005
300 _a39-41,44-46
650 _aHNBR technology
700 _aFiles Edmee
942 _cJS
999 _c62329
_d62329